000 00301nam a22001217a 4500
020 _a978-0-00-789241-9
082 _a823
_bLAN/T
100 _aLANGLEY, JONATHAN
245 _aTHE THREE BEARS AND GOLDILOCKS
260 _aTHAILAND
_bHAPPER COLLINS
650 _aENGLISH SHORT STORY
_zTHAILAND
942 _cBK
999 _c2494
_d2494